000 00768nam a22001817a 4500
999 _c63607
_d63607
003 Ge_BSU
005 20251113212535.0
008 251113s1972 ge ||||| |||| 00| 0 geo d
041 _ageo
080 _a908(478) დ-72
100 _aდოლიძე, კარლო
_926228
245 _aსაბჭოთა მოლდავეთი /
_cკარლო დოლიძე.
264 _aთბილისი :
_b საბჭ. საქართველო,
_c1972.
300 _a46 გვ. ;
_b16 სმ.
490 _aთავისუფალ ერთა მძლე კავშირი ძმური
653 _aკომუნისტური მშენებლობა მოლდავეთში.
942 _2udc
_cᲬᲘᲒᲜᲘ